000 00432nam a2200169Ia 4500
008 240729s9999 xx 000 0 und d
022 _a2306-7381
245 0 _aVeterinary Sciences
260 _aSwitzerland
260 _bMDPI AG
650 _a Animal culture
650 _a Veterinary medicine
650 _aAgriculture
856 _uhttps://doaj.org/toc/bfddedfea6e54013bf8cd619b62b912b
942 _2ddc
942 _cDOAJEJ
999 _c67862
_d67862
945 _a1
_bMadushi Gamage
_c1
_dMadushi Gamage